Представление документа в формате RUSMARC

ПолеНазваниеЗначение
  Тип записи c
  Библиографический уровень m
001 Контрольный номер UONB/MAIN/a4108610d589498592c2aa2a6bc2789c
005 Дата корректировки 20251205164435.9
010 Индекс ISBN __
9 Тираж 7830 экз.
013 Номер (ISMN) __
d Цена 55 к.
071 Издательские номер (звукозапись и ноты) 21
a Номер, присвоенный агентством 7559
100 Данные общей обработки __
a Данные общей обработки 20231101g1986 u y0rusy0189 ca
101 Язык документа 0_
a Язык текста rus
f Язык титульного листа rus
102 Страна публикации __
a Страна публикации RU
125 Кодированные данные звукозаписи и нотных изданий __
a Форма изложения нотного текста z
128 Кодированные данные (звукозаписи-физические характеристики) __
a Кодированные данные: Музыкальная форма и тональность или лад zz
c Инструменты или голоса, рекомендуемые для солистов (устаревшее) tb
200 Заглавие и сведения об ответственности 1_
a Заглавие Выпуск 31
f Первые сведения об ответственности составитель А. Борк
203 Вид содержания и тип средства __
a Вид содержания Музыка
b Характеристика содержания знаковая
c Тип средства непосредственная
210 Выходные данные 1_
d Дата издания 1986
215 Физическое описание __
a Объем 36 с.
327 Примечание о содержании 11
a Примечание о содержании Содерж. : Глиэр Р. Дуэт. - Мясковский Н. Двухголосная фуга. - Агабабов С. Две пьесы : Танец горянки ; Рассказ старого горца. - Разоренов С. Тема с вариациями. - Бойко Р. Вариации (Арабеска). - Цинцадзе С. Чонгури. - Ребиков В. Мольба. - Чимароза Д. Соната. - Гранадос Э. Грустный танец. - Кассадо Г. Интермеццо и танец. - Сикейра Ж. Северная песня. - Две французские народные песни : Жалоба ; Рондо старухи / обраб. Н. Полынского.
461 Уровень набора _0
1 2001
a Репертуар гитариста
b Ноты
e шестиструнная гитара
e [с сопровождением фортепиано и без сопровождения]
v Вып. 31
1 2101
a Москва
c Музыка
d 1966 -
1 001UONB/MAIN/70589ceb1d0c42ce83a9343d42e6c8d0
1 215
d 29 см
464 Аналитический уровень _0
1 700 1
a Глиэр
b Р.
1 2001
a Дуэт
464 Аналитический уровень _0
1 700 1
a Мясковский
b Н.
1 2001
a Двухголосная фуга
464 Аналитический уровень _0
1 700 1
a Агабабов
b С.
1 2001
a Танец горянки
464 Аналитический уровень _0
1 700 1
a Агабабов
b С.
1 2001
a Рассказ старого горца
464 Аналитический уровень _0
1 700 1
a Разоренов
b С.
1 2001
a Тема с вариациями
464 Аналитический уровень _0
1 700 1
a Бойко
b Р.
1 2001
a Вариации
1 5171
a Арабеска
464 Аналитический уровень _0
1 700 1
a Цинцадзе
b С.
1 2001
a Чонгури
464 Аналитический уровень _0
1 700 1
a Ребиков
b В.
1 2001
a Мольба
464 Аналитический уровень _0
1 700 1
a Чимароза
b Д.
1 2001
a Соната
464 Аналитический уровень _0
1 700 1
a Гранадос
b Э.
1 2001
a Грустный танец
464 Аналитический уровень _0
1 700 1
a Кассадо
b Г.
1 2001
a Интермеццо и танец
464 Аналитический уровень _0
1 700 1
a Сикейра
b Ж.
1 2001
a Северная песня
464 Аналитический уровень _0
1 702 1
a Полынский
b Н.
4 030
1 2001
a Жалоба
e фр. нар. песня
464 Аналитический уровень _0
1 702 1
a Полынский
b Н.
4 030
1 2001
a Рондо старухи
e фр. нар. песня
512 Заглавие обложки 1_
a Заглавие обложки Репертуар гитариста
606 Тематические рубрики 0_
a Основная рубрика Гитара шестиструнная
x Основная подрубрика Репертуар
610 Ключевые слова 0_
a Ключевые слова гитара шестиструнная; репертуар
686 Индексы других классификаций __
a Классификационный индекс 85.956.41я43
2 Код системы rubbk
702 Вторичная интеллектуальная ответственность _1
a Фамилия Борк
b Имя (инициалы) А. П.
g Полное личное имя Александр Павлович
4 Код отношения 220
801 Источник записи _0
a Страна RU
b Организация Ульяновская ОНБ
c Дата составления 20231101
g Правила каталогизации RCR
801 Источник записи _1
a Страна RU
b Организация Ульяновская ОНБ
c Дата составления 20231101
g Правила каталогизации RCR
901 Тип документа __
t Тип документа n
w Контрольный № источника UONB/MAIN/70589ceb1d0c42ce83a9343d42e6c8d0
909 Создатель записи __
a Создатель записи Грязнова И. Е.